| 000 | 00564nam a2200181Ia 4500 | ||
|---|---|---|---|
| 008 | 140321s9999 xx 000 0 und d | ||
| 020 | _a9780123742605 | ||
| 050 |
_aQA 76.642 _b.P29 2011 |
||
| 100 | _aPacheco, Peter S. | ||
| 245 | 3 |
_aAn introduction to parallel programming / _cPeter S. Pacheco. |
|
| 260 |
_aBoston : _bMorgan Kaufmann, _cc2011. |
||
| 300 |
_a370 p. : _bill. ; _c25 cm. |
||
| 500 | _aIncludes bibliographical references and index. | ||
| 521 | _aIT | ||
| 650 | _aParallel programming (Computer science). | ||
| 942 |
_kFOR _cBK |
||
| 999 |
_c48544 _d48544 |
||